A carregar...
ശമീലാഫഹ്മി /
| Autor principal: | |
|---|---|
| Outros Autores: | |
| Formato: | Printed Book |
| Publicado em: |
Kottayam:
SPCS,
2001.
|
| Assuntos: |
| LEADER | 00549cam a2200157ua 4500 | ||
|---|---|---|---|
| 020 | |a 1 | ||
| 082 | |a 894.812 371 |b AKB/S | ||
| 100 | 0 | |a അക്ബർ, കക്കട്ടിൽ | |
| 245 | 0 | 0 | |a ശമീലാഫഹ്മി / |
| 260 | |a Kottayam: |b SPCS, |c 2001. | ||
| 300 | |a 194p. | ||
| 650 | 0 | |a Shameela Fahmi |a Malayalam- stories | |
| 700 | |a Akbar Kakkattil | ||
| 942 | |c BK | ||
| 999 | |c 10543 |d 10543 | ||
| 952 | |0 0 |1 0 |4 0 |6 894_812000000000000_371_AKB |7 0 |9 10999 |a KUCL |b KUCL |d 2014-05-23 |l 3 |m 1 |o 894.812 371 AKB/ |p 12409 |r 2019-08-30 |s 2019-08-16 |w 2014-05-23 |y BK | ||